[Event "Landesliga Nord 1617"]
[Site "Bayern"]
[Date "2017.03.19"]
[Round "7.6"]
[White "Muehlbauer, Wolfgang"]
[Black "Oehrlein, Thomas"]
[Result "0-1"]
[WhiteElo "1862"]
[BlackElo "2108"]
[PlyCount "84"]
[EventDate "2016.10.16"]
[EventType "team-tourn"]
[EventRounds "9"]
[EventCountry "GER"]
[SourceTitle "EXT 2019"]
[Source "ChessBase"]
[SourceDate "2018.10.10"]
[SourceVersion "1"]
[SourceVersionDate "2018.10.10"]
[SourceQuality "1"]
[WhiteTeam "Bad Koetzting"]
[BlackTeam "Bamberg SC"]
[WhiteTeamCountry "GER"]
[BlackTeamCountry "GER"]

1. d4 d5 2. c4 e6 3. Nc3 c6 4. e3 f5 5. Nh3 Nf6 6. Be2 Bd6 7. c5 Bc7 8. Nf4 0-0 9. 0-0 Qe7 10. Nd3 Nbd7 11. f4 Ne4 12. Qc2 Kh8 13. b3 g5 14. g3 Ndf6 15. Ne5 Rg8 16. Kh1 Bd7 17. Bf3 Rg7 18. Bb2 Rag8 19. Rg1 Be8 20. Qe2 Ba5 21. Rac1 g4 22. Bxe4 dxe4 23. a3 Bxc3 24. Bxc3 Nd5 25. Bd2 h5 26. Kg2 h4 27. Rh1 Rh7 28. Rcg1 Rgg7 29. Be1 b6 30. b4 a5 31. Nc4 axb4 32. Bxb4 b5 33. Ne5 Qa7 34. Kf2 Qa4 35. Qb2 Ra7 36. Ra1 Kg8 37. Rac1 Rh6 38. Rb1 Rah7 39. gxh4 Rxh4 40. Rbg1 Rxh2+ 41. Rxh2 Rxh2+ 42. Rg2 Rh1 0-1

[Event "Landesliga Nord 1516"]
[Site "Bayern"]
[Date "2016.01.31"]
[Round "6.8"]
[White "Glitz, Martin"]
[Black "Muehlbauer, Wolfgang"]
[Result "1/2-1/2"]
[WhiteElo "2041"]
[BlackElo "1862"]
[PlyCount "82"]
[EventDate "2015.10.11"]
[EventType "team-tourn"]
[EventRounds "9"]
[EventCountry "GER"]
[SourceTitle "EXT 2018"]
[Source "ChessBase"]
[SourceDate "2017.10.13"]
[SourceVersion "1"]
[SourceVersionDate "2017.10.13"]
[SourceQuality "1"]
[WhiteTeam "Herzogenaurach"]
[BlackTeam "Bad Koetzting"]
[WhiteTeamCountry "GER"]
[BlackTeamCountry "GER"]

1. e4 d5 2. exd5 Qxd5 3. Nc3 Qa5 4. d4 c6 5. Nf3 Bg4 6. h3 Bh5 7. g4 Bg6 8. Ne5 Nf6 9. Bc4 e6 10. Bd2 Qb6 11. Nxg6 hxg6 12. Qe2 Be7 13. 0-0-0 Nbd7 14. f4 Nf8 15. f5 gxf5 16. gxf5 Nd5 17. fxe6 fxe6 18. Nxd5 cxd5 19. Bb5+ Nd7 20. Kb1 0-0-0 21. c4 Bf6 22. c5 Qc7 23. Bc3 Rde8 24. Qd2 Rh4 25. a4 Qf4 26. Qxf4 Rxf4 27. Rhe1 a6 28. Be2 Nb8 29. Bg4 Kd7 30. Rf1 Re4 31. Bf3 Rh4 32. Bg4 Nc6 33. Rfe1 Re7 34. b4 Rh8 35. Kb2 Rb8 36. a5 Rf8 37. Re2 Bh4 38. Rd3 Rf4 39. Kb3 Bf6 40. Red2 Bg5 41. Re2 Bf6 1/2-1/2

[Event "Landesliga Nord 1415"]
[Site "Bayern"]
[Date "2014.12.07"]
[Round "4.8"]
[White "Herrmann, Michael1"]
[Black "Muehlbauer, Wolfgang"]
[Result "1/2-1/2"]
[WhiteElo "1828"]
[BlackElo "1862"]
[PlyCount "35"]
[EventDate "2014.10.19"]
[EventType "team-tourn"]
[EventRounds "9"]
[EventCountry "GER"]
[SourceTitle "EXT 2018"]
[Source "ChessBase"]
[SourceDate "2017.10.13"]
[SourceVersion "1"]
[SourceVersionDate "2017.10.13"]
[SourceQuality "1"]
[WhiteTeam "Bindlach Aktionaer II"]
[BlackTeam "Bad Koetzting"]
[WhiteTeamCountry "GER"]
[BlackTeamCountry "GER"]

1. e4 c5 2. c3 Nf6 3. e5 Nd5 4. d4 e6 5. Nf3 Nc6 6. Be2 d6 7. 0-0 cxd4 8. cxd4 dxe5 9. dxe5 Qc7 10. Bb5 Bd7 11. Bxc6 Bxc6 12. Bg5 Qb6 13. Qb3 Qxb3 14. axb3 h6 15. Bd2 Bc5 16. Rc1 Bb6 17. Ba5 0-0 18. Bxb6 1/2-1/2

[Event "Regionalliga NO 1213"]
[Site "Bayern"]
[Date "2013.04.14"]
[Round "9.5"]
[White "Reichmann, Ulrich"]
[Black "Muehlbauer, Wolfgang"]
[Result "1/2-1/2"]
[WhiteElo "1955"]
[BlackElo "1877"]
[PlyCount "127"]
[EventDate "2012.10.14"]
[EventType "team-tourn"]
[EventRounds "9"]
[EventCountry "GER"]
[SourceTitle "EXT 2015"]
[Source "ChessBase"]
[SourceDate "2014.11.20"]
[SourceVersion "1"]
[SourceVersionDate "2014.11.20"]
[SourceQuality "1"]
[WhiteTeam "Gunzenhausen"]
[BlackTeam "Bad Koetzting"]
[WhiteTeamCountry "GER"]
[BlackTeamCountry "GER"]

1. e4 c5 2. Nf3 e6 3. d4 cxd4 4. Nxd4 a6 5. c4 Qc7 6. Bd3 Nf6 7. 0-0 Nc6 8. Nxc6 bxc6 9. Nc3 Bb7 10. Re1 d5 11. cxd5 cxd5 12. e5 Nd7 13. Bf4 Bc5 14. Rc1 Qb6 15. Qe2 Bd4 16. Na4 Qb4 17. b3 Nb6 18. Bd2 Qe7 19. Nxb6 Bxb6 20. Bb5+ Kf8 21. Bc6 Rb8 22. Bxb7 Qxb7 23. Bb4+ Kg8 24. Bd6 Rc8 25. b4 h6 26. Rxc8+ Qxc8 27. Qd2 Qc4 28. Rc1 Qe4 29. Qc2 Qf4 30. Bc5 Bd8 31. Qc3 Bg5 32. Rd1 Kh7 33. Qd3+ g6 34. g3 Qg4 35. Kg2 Ra8 36. f3 Qf5 37. Qxf5 gxf5 38. f4 Bd8 39. a4 Rb8 40. Kf2 Kg6 41. Ke3 Kh5 42. h3 Kg6 43. Kd4 h5 44. h4 Rc8 45. Rb1 f6 46. b5 axb5 47. axb5 fxe5+ 48. fxe5 f4 49. gxf4 Bxh4 50. Rb2 Bd8 51. b6 Bxb6 52. Rxb6 Kf5 53. Rb7 Kxf4 54. Rf7+ Kg3 55. Rf6 Re8 56. Ke3 Rc8 57. Rg6+ Kh3 58. Bd4 Rc6 59. Kf3 h4 60. Rg1 Kh2 61. Rg2+ Kh3 62. Rg1 Kh2 63. Rg2+ Kh3 64. Rg1 1/2-1/2

[Event "Regionalliga NO 1213"]
[Site "Bayern"]
[Date "2013.03.17"]
[Round "8.6"]
[White "Grossmann, Philipp"]
[Black "Muehlbauer, Wolfgang"]
[Result "1/2-1/2"]
[WhiteElo "1902"]
[BlackElo "1877"]
[PlyCount "64"]
[EventDate "2012.10.14"]
[EventType "team-tourn"]
[EventRounds "9"]
[EventCountry "GER"]
[SourceTitle "EXT 2015"]
[Source "ChessBase"]
[SourceDate "2014.11.20"]
[SourceVersion "1"]
[SourceVersionDate "2014.11.20"]
[SourceQuality "1"]
[WhiteTeam "Kareth Lappersdorf II"]
[BlackTeam "Bad Koetzting"]
[WhiteTeamCountry "GER"]
[BlackTeamCountry "GER"]

1. b4 Nf6 2. Bb2 e6 3. b5 a6 4. a4 axb5 5. axb5 Rxa1 6. Bxa1 d5 7. e3 Nbd7 8. Nf3 Bd6 9. c4 c6 10. Be2 0-0 11. 0-0 Qa5 12. Bc3 Qb6 13. Bxf6 Nxf6 14. Nc3 dxc4 15. Bxc4 Nd5 16. Ne4 Be7 17. bxc6 bxc6 18. Qb3 Qxb3 19. Bxb3 Ba6 20. Rc1 Rb8 21. Ba4 Bb5 22. Rb1 Ra8 23. Bxb5 cxb5 24. Kf1 b4 25. Nd4 f5 26. Ng3 Kf7 27. Nge2 g5 28. Nc1 Ra6 29. Ke2 Kf6 30. Nc2 Rc6 31. Nd4 Ra6 32. Nc2 Rc6 1/2-1/2

[Event "Landesliga Nord 1112"]
[Site "Bayern"]
[Date "2012.01.15"]
[Round "5.8"]
[White "Muehlbauer, Wolfgang"]
[Black "Ulusoy, Tolga"]
[Result "1/2-1/2"]
[WhiteElo "1858"]
[BlackElo "1987"]
[PlyCount "111"]
[EventDate "2011.10.02"]
[EventType "team-tourn"]
[EventRounds "9"]
[EventCountry "GER"]
[SourceTitle "EXT 2013"]
[Source "ChessBase"]
[SourceDate "2012.11.22"]
[SourceVersion "1"]
[SourceVersionDate "2012.11.22"]
[SourceQuality "1"]
[WhiteTeam "Bad Koetzting"]
[BlackTeam "Nuernberg NT II"]
[WhiteTeamCountry "GER"]
[BlackTeamCountry "GER"]

1. d4 Nf6 2. c4 c5 3. Nf3 cxd4 4. Nxd4 e5 5. Nb5 d5 6. cxd5 Bc5 7. e3 0-0 8. Bc4 a6 9. N5c3 b5 10. Bb3 e4 11. Nd2 Re8 12. Qc2 Bf5 13. Nxb5 Bxe3 14. fxe3 axb5 15. Qc5 Qd7 16. 0-0 Na6 17. Qd4 Bg6 18. a4 Nc7 19. Ra3 Rad8 20. Qc5 Nfxd5 21. axb5 Qxb5 22. Qxb5 Nxb5 23. Ra5 Nbc7 24. Nc4 Rb8 25. Nd6 Red8 26. Bxd5 Rxd6 27. Bc4 Rbd8 28. h4 h5 29. Be2 Nd5 30. g4 hxg4 31. Bxg4 Nf6 32. Be2 Rd5 33. b4 Rb8 34. Rxd5 Nxd5 35. h5 Bh7 36. Bc4 Nf6 37. b5 Kf8 38. Ba3+ Kg8 39. Bb2 Rc8 40. Bb3 Rc5 41. Rc1 Rxc1+ 42. Bxc1 Bf5 43. Bb2 Bd7 44. Ba4 Nd5 45. Bd4 Bc8 46. Kg2 Kh7 47. b6 Bb7 48. Be8 f5 49. Bg6+ Kh6 50. Bc5 f4 51. Kf2 Nf6 52. exf4 Nxh5 53. f5 Kg5 54. Be3+ Kg4 55. Bd4 Nf6 56. Be5 1/2-1/2

[Event "Landesliga Nord 1112"]
[Site "Bayern"]
[Date "2011.10.23"]
[Round "2.8"]
[White "Redzepovic, Irfan"]
[Black "Muehlbauer, Wolfgang"]
[Result "1-0"]
[WhiteElo "2094"]
[BlackElo "1858"]
[PlyCount "47"]
[EventDate "2011.10.02"]
[EventType "team-tourn"]
[EventRounds "9"]
[EventCountry "GER"]
[SourceTitle "EXT 2013"]
[Source "ChessBase"]
[SourceDate "2012.11.22"]
[SourceVersion "1"]
[SourceVersionDate "2012.11.22"]
[SourceQuality "1"]
[WhiteTeam "Nuernberg Sued SW"]
[BlackTeam "Bad Koetzting"]
[WhiteTeamCountry "GER"]
[BlackTeamCountry "GER"]

1. d4 Nf6 2. c4 e5 3. dxe5 Ng4 4. Nf3 Bc5 5. e3 Nc6 6. Be2 Ngxe5 7. Nc3 d6 8. 0-0 Be6 9. b3 0-0 10. Nd4 Bd7 11. f4 Ng6 12. Ne4 Bb6 13. f5 Nge5 14. f6 g6 15. Bb2 Qe8 16. Rf4 g5 17. Nxg5 Ng6 18. Re4 Nce5 19. Qf1 Bxd4 20. exd4 Bc6 21. dxe5 Bxe4 22. Nxe4 dxe5 23. Qf5 h6 24. Qh5 1-0

[Event "Landesliga Nord 0910"]
[Site "Bayern"]
[Date "2009.11.15"]
[Round "2.8"]
[White "Goebel, Tobias"]
[Black "Muehlbauer, Wolfgang"]
[Result "1/2-1/2"]
[WhiteElo "1769"]
[BlackElo "1900"]
[PlyCount "26"]
[EventDate "2009.10.18"]
[EventType "team-tourn"]
[EventRounds "9"]
[EventCountry "GER"]
[SourceTitle "EXT 2011"]
[Source "ChessBase"]
[SourceDate "2010.11.26"]
[SourceVersion "1"]
[SourceVersionDate "2010.11.26"]
[SourceQuality "1"]
[WhiteTeam "Klingenberg"]
[BlackTeam "Koetzting"]
[WhiteTeamCountry "GER"]
[BlackTeamCountry "GER"]

1. e4 c5 2. Nf3 e6 3. d4 cxd4 4. Nxd4 a6 5. Be3 Qc7 6. Nd2 Nf6 7. Bd3 Bc5 8. c3 b6 9. Rc1 Bb7 10. 0-0 d5 11. Qf3 Nbd7 12. Bf4 e5 13. Bg3 0-0 1/2-1/2

[Event "Oberliga Bayern 0405"]
[Site "Bayern"]
[Date "2004.12.12"]
[Round "4.8"]
[White "Steibl, Hans Dieter"]
[Black "Muehlbauer, Wolfgang"]
[Result "1-0"]
[WhiteElo "1966"]
[BlackElo "1684"]
[PlyCount "77"]
[EventDate "2004.10.24"]
[EventType "team-tourn"]
[EventRounds "9"]
[EventCountry "GER"]
[SourceTitle "EXT 2020"]
[Source "ChessBase"]
[SourceDate "2019.10.17"]
[SourceVersion "1"]
[SourceVersionDate "2019.10.17"]
[SourceQuality "1"]
[WhiteTeam "Kelheim SC"]
[BlackTeam "Koetzting"]
[WhiteTeamCountry "GER"]
[BlackTeamCountry "GER"]

1. e4 c5 2. Nf3 e6 3. d4 cxd4 4. Nxd4 a6 5. Bd3 Qc7 6. 0-0 Nf6 7. c4 Nc6 8. Nxc6 dxc6 9. Nc3 Be7 10. b3 0-0 11. Bb2 b5 12. cxb5 axb5 13. Rc1 Qa7 14. Bb1 Ba6 15. e5 Nd5 16. Ne4 Rac8 17. Qh5 h6 18. Qg4 Kh8 19. Ng3 Rg8 20. Qe4 g6 21. Nh5 Qc7 22. Rfe1 Bb7 23. Nf6 Bxf6 24. exf6 Qf4 25. Be5 Qxe4 26. Rxe4 Kh7 27. Rc5 Rcd8 28. Rc1 Rd7 29. h4 h5 30. Kh2 Rgd8 31. g4 hxg4 32. Rxg4 Rh8 33. Rcg1 Kg8 34. Kh3 Kf8 35. a4 Rd8 36. Bxg6 Rd7 37. Bh7 Nxf6 38. Bxf6 Rxh7 39. Rg8# 1-0

[Event "Oberpfalz-ch M3"]
[Site "Regensburg"]
[Date "2004.04.04"]
[Round "3.9"]
[White "Muehlbauer, Wolfgang"]
[Black "Fuchs, Daniel"]
[Result "1/2-1/2"]
[WhiteElo "1243"]
[BlackElo "1409"]
[PlyCount "62"]
[EventDate "2004.04.03"]
[EventType "swiss"]
[EventRounds "8"]
[EventCountry "GER"]
[SourceTitle "EXT 2022"]
[Source "ChessBase"]
[SourceDate "2021.10.06"]
[SourceVersion "1"]
[SourceVersionDate "2021.10.06"]
[SourceQuality "1"]

1. e4 e5 2. Nf3 Nf6 3. Nc3 Nc6 4. Bc4 Be7 5. d3 d6 6. h3 0-0 7. 0-0 Na5 8. Bb3 Nxb3 9. axb3 c6 10. Be3 a6 11. Ne2 Bd7 12. c3 Qc7 13. Qc2 d5 14. Bg5 Be6 15. Bxf6 Bxf6 16. Rfd1 Rfd8 17. Ng3 g6 18. Rd2 Qb6 19. b4 dxe4 20. Nxe4 Bg7 21. Re1 Re8 22. Nc5 Bd5 23. Re3 Re7 24. Rde2 Bxf3 25. Rxf3 Rae8 26. Qb3 a5 27. Ne4 axb4 28. Nd6 Rf8 29. cxb4 Qc7 30. Nc4 Rfe8 31. Rfe3 Qd7 1/2-1/2

[Event "Oberpfalz-ch M3"]
[Site "Regensburg"]
[Date "2004.04.03"]
[Round "2.10"]
[White "Eder, August"]
[Black "Muehlbauer, Wolfgang"]
[Result "1/2-1/2"]
[WhiteElo "1420"]
[BlackElo "1243"]
[PlyCount "52"]
[EventDate "2004.04.03"]
[EventType "swiss"]
[EventRounds "8"]
[EventCountry "GER"]
[SourceTitle "EXT 2022"]
[Source "ChessBase"]
[SourceDate "2021.10.06"]
[SourceVersion "1"]
[SourceVersionDate "2021.10.06"]
[SourceQuality "1"]

1. e4 e5 2. Nc3 Nc6 3. Bc4 Bb4 4. Nge2 d6 5. a3 Bxc3 6. dxc3 Be6 7. Ba2 Qe7 8. 0-0 f5 9. Bxe6 Qxe6 10. exf5 Qxf5 11. Ng3 Qe6 12. Qe2 0-0-0 13. b4 Nge7 14. Bg5 h6 15. Bxe7 Nxe7 16. c4 Ng6 17. Nh5 Qf7 18. c5 dxc5 19. bxc5 Rhe8 20. c6 Qd5 21. cxb7+ Kb8 22. Qg4 Qf7 23. Rad1 Rf8 24. Rxd8+ Rxd8 25. Rd1 Rxd1+ 26. Qxd1 Kxb7 1/2-1/2

[Event "Oberliga Bayern 0304"]
[Site "Bayern"]
[Date "2003.11.02"]
[Round "2.8"]
[White "Muehlbauer, Wolfgang"]
[Black "Weinberg, Wladimir"]
[Result "1/2-1/2"]
[WhiteElo "1943"]
[BlackElo "1953"]
[PlyCount "37"]
[EventDate "2003.10.12"]
[EventType "team-tourn"]
[EventRounds "9"]
[EventCountry "GER"]
[SourceTitle "EXT 2006"]
[Source "ChessBase"]
[SourceDate "2005.11.24"]
[SourceVersion "1"]
[SourceVersionDate "2005.11.24"]
[SourceQuality "1"]
[WhiteTeam "Koetzting"]
[BlackTeam "Bamberg"]
[WhiteTeamCountry "GER"]
[BlackTeamCountry "GER"]

1. d4 Nf6 2. c4 g6 3. Nc3 Bg7 4. e4 d6 5. f4 c5 6. d5 0-0 7. Bd3 e6 8. Nf3 exd5 9. cxd5 b5 10. Nxb5 Nxe4 11. 0-0 Nf6 12. Nc3 Qb6 13. Qb3 Nbd7 14. Re1 Bb7 15. Bc4 Rfe8 16. Bd2 a6 17. h3 h6 18. Rad1 Qc7 19. Na4 1/2-1/2

[Event "Landesliga Nord 0203"]
[Site "Bayern"]
[Date "2003.03.30"]
[Round "9.5"]
[White "Dietrich, Reinhard"]
[Black "Muehlbauer, Wolfgang"]
[Result "1/2-1/2"]
[WhiteElo "2033"]
[BlackElo "1907"]
[PlyCount "23"]
[EventDate "2002.10.20"]
[EventType "team-tourn"]
[EventRounds "9"]
[EventCountry "GER"]
[SourceTitle "EXT 2004"]
[Source "ChessBase"]
[SourceDate "2003.11.25"]
[SourceVersion "1"]
[SourceVersionDate "2003.11.25"]
[SourceQuality "1"]
[WhiteTeam "Neutraubling"]
[BlackTeam "Koetzting"]
[WhiteTeamCountry "GER"]
[BlackTeamCountry "GER"]

1. e4 c5 2. Nf3 e6 3. Nc3 Nc6 4. Bc4 d6 5. 0-0 Nf6 6. d3 Be7 7. Ng5 h6 8. Nh3 0-0 9. a3 a6 10. f4 b5 11. Ba2 Bb7 12. f5 1/2-1/2

[Event "Landesliga Nord 0203"]
[Site "Bayern"]
[Date "2003.01.12"]
[Round "4.8"]
[White "Foerstel, Stefan"]
[Black "Muehlbauer, Wolfgang"]
[Result "0-1"]
[WhiteElo "1453"]
[BlackElo "1907"]
[PlyCount "92"]
[EventDate "2002.10.20"]
[EventType "team-tourn"]
[EventRounds "9"]
[EventCountry "GER"]
[SourceTitle "EXT 2004"]
[Source "ChessBase"]
[SourceDate "2003.11.25"]
[SourceVersion "1"]
[SourceVersionDate "2003.11.25"]
[SourceQuality "1"]
[WhiteTeam "Forchheim II"]
[BlackTeam "Koetzting"]
[WhiteTeamCountry "GER"]
[BlackTeamCountry "GER"]

1. e4 c5 2. c3 Nf6 3. Bc4 Nc6 4. d3 e6 5. Bg5 Be7 6. Nf3 0-0 7. 0-0 d6 8. Re1 h6 9. Bxf6 Bxf6 10. d4 cxd4 11. cxd4 Qb6 12. Bb3 Nxd4 13. Nxd4 Bxd4 14. Re2 e5 15. Nd2 Bg4 16. Nf3 Bc5 17. Qd3 Kh8 18. Rf1 f5 19. Nh4 Rf6 20. Rc2 f4 21. Kh1 Raf8 22. Nf3 g5 23. Qc3 Re8 24. h4 Kg7 25. hxg5 hxg5 26. Rfc1 Rh6+ 27. Kg1 Reh8 28. Kf1 Rh1+ 29. Ke2 Rxc1 30. Rxc1 Qb5+ 31. Bc4 Qb4 32. Bd5 Qxc3 33. Rxc3 Rh2 34. Kd2 Rxg2 35. Kc1 Rxf2 36. Nxg5 Be3+ 37. Kb1 Rf1+ 38. Kc2 Rc1+ 39. Kd3 Rxc3+ 40. bxc3 Kf6 41. Nh7+ Kg7 42. Ng5 b6 43. Nf7 Bc5 44. Ng5 Kg6 45. Ne6 f3 46. Nxc5 f2 0-1

[Event "Landesliga Nord 0203"]
[Site "Bayern"]
[Date "2002.10.20"]
[Round "1.8"]
[White "Ruettinger, Matthias"]
[Black "Muehlbauer, Wolfgang"]
[Result "0-1"]
[WhiteElo "1912"]
[BlackElo "1907"]
[PlyCount "78"]
[EventDate "2002.10.20"]
[EventType "team-tourn"]
[EventRounds "9"]
[EventCountry "GER"]
[SourceTitle "EXT 2004"]
[Source "ChessBase"]
[SourceDate "2003.11.25"]
[SourceVersion "1"]
[SourceVersionDate "2003.11.25"]
[SourceQuality "1"]
[WhiteTeam "Bindlach II"]
[BlackTeam "Koetzting"]
[WhiteTeamCountry "GER"]
[BlackTeamCountry "GER"]

1. d4 Nf6 2. Bg5 e6 3. Nf3 Be7 4. c4 b6 5. Nc3 Bb7 6. e3 d6 7. Be2 Nbd7 8. 0-0 h6 9. Bxf6 Nxf6 10. Nd2 0-0 11. Bf3 Qc8 12. Bxb7 Qxb7 13. Qf3 Qxf3 14. Nxf3 a6 15. Rfd1 Rfd8 16. d5 e5 17. Ne1 Nd7 18. e4 Rf8 19. Nd3 f5 20. exf5 Rxf5 21. Ne4 Raf8 22. b4 Ra8 23. f3 Bg5 24. Nxg5 Rxg5 25. Rdc1 Nf6 26. f4 exf4 27. Nxf4 Re5 28. Re1 Rae8 29. Ne6 Rxe1+ 30. Rxe1 Re7 31. h3 Nd7 32. Rc1 Nf6 33. Re1 b5 34. cxb5 axb5 35. Rd1 Kf7 36. Kf1 Ke8 37. a3 c6 38. Nd4 Nxd5 39. Nxc6 Ne3+ 0-1

[Event "Bayern-ch U12"]
[Site "Mimberg"]
[Date "2002.04.02"]
[Round "2"]
[White "Bachus, Sebastian"]
[Black "Muehlbauer, Wolfgang"]
[Result "1/2-1/2"]
[WhiteElo "1211"]
[BlackElo "1014"]
[PlyCount "58"]
[EventDate "2002.04.??"]
[EventType "swiss"]
[EventRounds "7"]
[EventCountry "GER"]
[SourceTitle "EXT 2004"]
[Source "ChessBase"]
[SourceDate "2003.11.25"]
[SourceVersion "1"]
[SourceVersionDate "2003.11.25"]
[SourceQuality "1"]

1. e4 e5 2. Nf3 Nc6 3. d4 exd4 4. Nxd4 Nxd4 5. Qxd4 b6 6. Nc3 Bb7 7. Be3 Nf6 8. e5 Bc5 9. Qd3 Bxe3 10. exf6 Bxf2+ 11. Kxf2 Qxf6+ 12. Ke2 0-0-0 13. Kd2 Rde8 14. Re1 Qg5+ 15. Re3 Bxg2 16. Rg1 Rxe3 17. Qxe3 Qxe3+ 18. Kxe3 Bxf1 19. Rxf1 f6 20. Rg1 Rg8 21. Nd5 Re8+ 22. Kd2 Re6 23. c4 Rd6 24. Ke2 Re6+ 25. Kf3 c6 26. Nf4 Re7 27. Nh5 g6 28. Ng3 f5 29. b3 a6 1/2-1/2